Focus sur: Kendra Dumbledore - Harry Potter - Statistiques

Statistiques générales
  • Ce quiz a été pris 120 fois
  • Le résultat moyen est 6 sur 7
Statistiques - réponses
Informations recherchées Réponses % Correct
Fils Albus Dumbledore
98%
Fille Ariana Dumbledore
96%
Première mention Harry Potter et les Reliques de la Mort
94%
Fils Abelforth Dumbledore
92%
Statut du sang Née-Moldue
92%
Couleur des cheveux Noir
88%
Époux Perceval Dumbledore
87%
Aucun quiz correspondant
Distribution des résultats
% des personnes avec chaque résultat
Percentile par nombre de réponses
Votre historique - résultats
Vous n’avez pas pris ce quiz